|
|
|
|
| LEADER |
00732nam a2200169Ia 4500 |
| 008 |
170722s9999 xx 000 0 und d |
| 999 |
|
|
|c 129605
|d 129605
|
| 020 |
|
|
|a 8178240882
|
| 084 |
|
|
|2 cc
|a V2:71.M
|
| 100 |
|
|
|a Singh, Upinder
|
| 245 |
|
|
|a Discovery of ancient India
|b Early archeologists and the beginnings of archaeology /
|
| 260 |
|
|
|a Delhi :
|b Permanent Black ,
|c 2004.
|
| 300 |
|
|
|a xix+381
|
| 653 |
|
|
|a Archaeology,india
|
| 942 |
|
|
|c GEN
|
| 952 |
|
|
|0 0
|1 0
|4 0
|6 V_271_M_P4
|7 0
|8 LC1
|9 183170
|a LIB
|b LIB
|d 2013-03-25
|e Modern Book Centre
|h LC1
|o V2:71.M P4
|p 254954
|r 2017-08-12
|v 695.00
|w 2017-08-12
|y GEN
|
| 952 |
|
|
|0 0
|1 0
|4 0
|6 V_271_M_P41
|7 0
|9 183171
|a LIB
|b LIB
|d 2017-02-17
|e Southern Book Star
|g 695.00
|l 2
|o V2:71.M P4;1
|p 303899
|r 2019-07-24
|s 2019-06-26
|y GEN
|